| Tag |
First Indicator |
Second Indicator |
Subfields |
| LEADER |
00000cam a2200000 4500 |
| 001 |
in00000260113 |
| 005 |
20151010052107.0 |
| 008 |
730601s1947 nyu 00000 eng |
| 010 |
|
|
|a 47031448
|
| 035 |
|
|
|a (OCoLC)00635055
|
| 035 |
|
|
|9 ABB9014AM
|
| 040 |
|
|
|c YNG
|d TXA
|d UtOrBLW
|
| 049 |
|
|
|a TXAM
|c [149642]
|
| 050 |
|
0 |
|a E169.1
|b .P23
|
| 082 |
0 |
|
|a 917.3
|
| 100 |
1 |
|
|a Parkes, Henry Bamford,
|d 1904-
|
| 245 |
1 |
4 |
|a The American experience ;
|b an interpretation of the history and civilization of the American people.
|
| 250 |
|
|
|a [1st ed.].
|
| 264 |
|
1 |
|a New York :
|b A. A. Knopf,
|c 1947.
|
| 300 |
|
|
|a xiv, 343, viii pages ;
|c 22 cm.
|
| 336 |
|
|
|a text
|b txt
|2 rdacontent
|
| 337 |
|
|
|a unmediated
|b n
|2 rdamedia
|
| 338 |
|
|
|a volume
|b nc
|2 rdacarrier
|
| 536 |
|
|
|a From the Library of Harrison T. Meserole, 2002.
|
| 651 |
|
0 |
|a United States
|x Civilization.
|
| 999 |
|
|
|a MARS
|
| 999 |
f |
f |
|s b84377cc-8052-36fa-98ef-866001cc6bc8
|i 7b629c73-a69a-3ea2-b3cb-10953b413a52
|t 0
|
| 952 |
f |
f |
|p ric
|a Texas A&M University
|b Rellis Campus
|c Joint Library Facility
|d Remote Storage
|t 0
|e E169.1 .P23
|h Library of Congress classification
|i unmediated -- volume
|m A14829842387
|
| 998 |
f |
f |
|a E169.1 .P23
|t 0
|l Remote Storage
|